000 01026nam a2200301 a 4500
001
003 DO-SdBNP
005 20240828133754.0
008 091001s2014 mx a r 000 0 spa d
020 _a9786071624162
040 _aDO-SdBNP
_bspa
_cBPMSU
082 4 _aM860.4
_bR454e 2014
_222
100 1 _aRevuelta, José
_d 1914-1976
245 1 0 _a José Revueltas :
_blos errores y los aciertos /
_c Coordinadora Sonia Peña
260 _aMéxico:
_bFondo de Cultura Económica,
_c2014
300 _a275 p. ;
_c24 cm.
_b
490 0 _aLetras Mexicanas
500 _aIncluye referencias bibliográficas y notas al pie de las páginas
504 _a
590 _aInventariado, 2024/VM
600 1 4 _aRevueltas, José Agustín,
_d 1914-1976
_xCrítica e interpretación.
650 4 _aNovela mexicana
650 4 _aLiteratura mexicana
_ySiglo XX
700 1 _aPeña, Sonia
_eCoordinadora
710 2 _aFondo de Cultura Económica (México)
910 _aVMateo V. Cotrol de calidad. BPMSU
942 _2ddc
_cBK
999 _c14786
_d14786